000 00537nam a2200205Ia 4500
008 210210b2006 xxu||||| |||| 00| 0 eng d
020 _a8188237620
041 _aeng
082 _a581.634 TRIM
100 _aTRIVEDI (Pravin Chandra)
245 _aMedicinal plants: traditional knowledge
260 _aNew Delhi
_bI.K. International Pub. House Pvt. Ltd.
_c2006
300 _ax, 258
650 _atraditional
650 _aplants:
650 _aMedicinal
650 _aknowledge
690 _aEconomic Botany
906 _a067156
999 _c149462
_d149462